000 00766nam a22001577a 4500
003 OSt
005 20150919142540.0
008 150919b xxu||||| |||| 00| 0 eng d
040 _cRUA
082 _aAGR PAN 2008 B036 Or.1
100 _9868
_aPANN, VICHEAKA.
245 _aEffect of hill spacing and ages seedlings raing chey at crops station of royal university of agriculture ឥទ្ធិពលចន្លោះគុម្ព និង​អាយុសំណាបលើពូជស្រូវរាំជ័យនៅស្ថានីយ៍ពិសោធន៍ដំណាំនៃសាកលវិទ្យាល័យភូមិន្ទកសិកម្ម
260 _aPhnom Penh
_bRUA
_c2008
300 _axiii; 44p.
_bill.
_c29cm.
942 _2ddc
_cAGR
999 _c837
_d837